| 000 | 004780000a22001210004500 | ||
|---|---|---|---|
| 100 | 1 | _aMoreno, Cesar Eduardo. | |
| 245 | 1 | 0 | _aUniversidad virtual |
| 300 | _aVol.16, no.188 (2000),p. 8 | ||
| 520 | _aHerramientas informáticas a costos relativamente bajos aumentan la disponibilidad de información para la población y reducen el marginamiento de nuestra sociedad frente al desarrollo mundial. | ||
| 650 | 1 | 4 | _aEDUCACION VIRTUAL |
| 773 | 0 | _tRevista muy interesante | |
| 942 | _cANA | ||
| 999 |
_c63198 _d63198 |
||